<?xml version='1.0' encoding='UTF-8'?><?xml-stylesheet href='static/style.xsl' type='text/xsl'?><OAI-PMH xmlns="http://www.openarchives.org/OAI/2.0/" xmlns:xsi="http://www.w3.org/2001/XMLSchema-instance" xsi:schemaLocation="http://www.openarchives.org/OAI/2.0/ http://www.openarchives.org/OAI/2.0/OAI-PMH.xsd"><responseDate>2026-05-01T10:00:58Z</responseDate><request verb="GetRecord" identifier="oai:ebiltegia.mondragon.edu:20.500.11984/5861" metadataPrefix="marc">https://ebiltegia.mondragon.edu/oai/request</request><GetRecord><record><header><identifier>oai:ebiltegia.mondragon.edu:20.500.11984/5861</identifier><datestamp>2024-09-18T15:25:28Z</datestamp><setSpec>com_20.500.11984_1621</setSpec><setSpec>com_20.500.11984_1620</setSpec><setSpec>col_20.500.11984_6620</setSpec></header><metadata><record xmlns="http://www.loc.gov/MARC21/slim" xmlns:dcterms="http://purl.org/dc/terms/" xmlns:xsi="http://www.w3.org/2001/XMLSchema-instance" xmlns:doc="http://www.lyncode.com/xoai" xsi:schemaLocation="http://www.loc.gov/MARC21/slim http://www.loc.gov/standards/marcxml/schema/MARC21slim.xsd">
   <leader>00925njm 22002777a 4500</leader>
   <datafield ind2=" " ind1=" " tag="042">
      <subfield code="a">dc</subfield>
   </datafield>
   <datafield ind2=" " ind1=" " tag="720">
      <subfield code="a">Soler Mallol, Daniel</subfield>
      <subfield code="e">author</subfield>
   </datafield>
   <datafield ind2=" " ind1=" " tag="260">
      <subfield code="c">2022</subfield>
   </datafield>
   <datafield ind2=" " ind1=" " tag="520">
      <subfield code="a">A cualquier ingeniero, a lo largo de su carrera profesional, se le exigirá que tome decisiones racionales, en el sentido que deben ser tomadas en base a una serie de  datos experimentales.&#xd;
La Estadística es la ciencia que estudia la recopilación, presentación análisis y uso de datos para tomar decisiones y resolver problemas. Pero para poder tomar decisiones a partir de un conjunto de datos es necesario todo un conjunto de herramientas matemáticas que son en sí un campo de las matemáticas: la teoría de la probabilidad, que es aquella que estudia los fenómenos aleatorios. En este libro se introducen nociones de estadística descriptiva que permite analizar y presentar un conjunto de datos, así como los principales conceptos de probabilidad y variables aleatorias que permiten inferir de estos datos conclusiones que ayuden al ingeniero a tomar decisiones y a justificarlas con rigor.</subfield>
   </datafield>
   <datafield ind1="8" ind2=" " tag="024">
      <subfield code="a">978-84-09-44966-8</subfield>
   </datafield>
   <datafield ind1="8" ind2=" " tag="024">
      <subfield code="a">https://katalogoa.mondragon.edu/janium-bin/janium_login_opac.pl?find&amp;ficha_no=170284</subfield>
   </datafield>
   <datafield ind1="8" ind2=" " tag="024">
      <subfield code="a">https://hdl.handle.net/20.500.11984/5861</subfield>
   </datafield>
   <datafield ind2="0" ind1="0" tag="245">
      <subfield code="a">Probabilidad y estadística</subfield>
   </datafield>
</record></metadata></record></GetRecord></OAI-PMH>